000 00569nam a2200181 a 4500
005 20140310183314.0
008 051019s19uu xx 00 eng d
020 _a9780761929086
050 _aHD 38.5
_b.M463 2004
100 _aMentzer, John T.
245 _aFundamentals of supply chain management :
_btwelve drivers of competitive advantage /
_cJohn T. Mentzer.
260 _aCalifornia :
_bSage Publications Inc,
_c2004.
300 _a291 p. :
_c24 cm.
521 _aBSBA
650 _aBusiness logistics
_xManagement.
942 _cBK
_2lcc
_kFOR
999 _c21226
_d21226